000 00927 a2200157 4500
003 NUST
005 20221223130126.0
040 _cNust
082 _a355,SOV
245 _aSoviet perceptions of war and peace /
_cedited by Graham D. Vernon
260 _aWashington
_bNational Defense University Press
_c1981
300 _axvi, 185 p.;
505 _aThe Institutional Foundation of Soviet Military Doctrine (Page-3), Soviet Perceptions of the Laws of War (Page-17), Origins of the Cold War The Soviet View (Page-27), The Soviet View of War (Page-51), Soviet Perceptions of The Threat and Soviet Military Capabilities (Page-67), Soviet Perceptions of US Military Strategies and Forces (Page-97), Controlled Conflict Soviet Perceptions of Peaceful Coexistence (Page-113),Soviet Views of Multipolarity and the Emerging Balance of Power (Page-143).
650 _aSoviet Union --Military policy.
_9105764
942 _2ddc
_cBK
_k355,SOV
999 _c184759
_d184759